00497nam a2200193Ia 4500003000400000005001700004008004100021020001500062040000700077041000800084082001500092100002300107245007500130260004300205300001500248365001300263650001200276650001500288OSt20230420112331.0210423s2005 xx 000 0 und d a8122901921 cAL aeng a070.1 HERD aHERRICK (Dennis F) aMedia management in the age of giants: business dynamics of journalism aNew DelhibSurjeeth Publicationsc2005 axx,397bPB b295cINR aGeneral aMass Media